Statistiche per Paesi più Grandi del Kazakistan

Clicka qui per fare il quiz!

Statistiche generali

  • Questo quiz è stato fatto 36 volte
  • Il punteggio medio è 8 su 8

Statistiche sulle risposte

SuperficiePaese% Corretto
7,741,220Australia
100%
8,514,877Brasile
100%
9,984,670Canada
100%
9,596,961Cina
100%
17,098,242Russia
100%
9,826,675Stati Uniti
100%
3,287,263India
96%
2,780,400Argentina
69%

Distribuzione punteggi

Percentile per numero di risposta

Percentuale di utenti per punteggio

I tuoi punteggi nel tempo

Non hai fatto questo quiz